Economic development in the third world

Αποθηκεύτηκε σε:
Λεπτομέρειες βιβλιογραφικής εγγραφής
Κύριος συγγραφέας: Todaro, Michael P.
Μορφή: Βιβλίο
Γλώσσα:English
Δημοσίευση: New York : Longman, 1981
Έκδοση:2nd ed.
Θέματα:
Ετικέτες: Προσθήκη ετικέτας
Δεν υπάρχουν, Καταχωρήστε ετικέτα πρώτοι!

MARC

LEADER 00000nam a2200000 i 4500
001 1/50701
008 960215s1981 eng d
020 |a 0582295335 
035 |l 10027048 
040 |a GR-MY-UA  |b gre  |e aacr 
041 0 |a eng 
082 0 |a 338.91724 
100 1 |a Todaro, Michael P. 
245 1 0 |a Economic development in the third world /  |c Michael Todaro 
250 |a 2nd ed. 
260 |a New York :   |b Longman,   |c 1981 
300 |a 588 σ. 
650 0 0 |a Economic development  |z Developing countries. 
852 |a INST  |b CHIOS  |e 19960215  |h 338.91724 TOD  |p 005200001002  |q 005200001002  |t BK  |y 0 
909 |a Χ  |b 000116